| 000 | 00630nam a2200241Ia 4500 | ||
|---|---|---|---|
| 003 | OSt | ||
| 005 | 20221005044340.0 | ||
| 006 | a|||||r|||| 00| 0 | ||
| 007 | ta | ||
| 008 | 221004b |||||||| |||| 00| 0 eng d | ||
| 024 | _a25463 | ||
| 037 | _cTextual | ||
| 040 |
_aCRL _cCRL _beng |
||
| 041 |
_2eng _aeng |
||
| 082 | _aA0aDelta2, M2 | ||
| 100 |
_aRanganathananda _973482 |
||
| 245 | 0 | _aScience and spirituality | |
| 260 |
_aHyderabad _bRamakrishna Math India _c1982 |
||
| 300 |
_a21p. _ccm. |
||
| 650 | _aSCIENCE | ||
| 942 |
_hA0aDelta2, M2 _cTEXL _2cc |
||
| 999 |
_c953243 _d953243 |
||